Αρχαία και σύγχρονη δημοκρατία
Αποθηκεύτηκε σε:
| Κύριος συγγραφέας: | |
|---|---|
| Άλλοι συγγραφείς: | , |
| Μορφή: | Βιβλίο |
| Γλώσσα: | Greek |
| Δημοσίευση: |
Αθήνα :
Ευρύαλος,
c1989.
|
| Θέματα: | |
| Ετικέτες: |
Προσθήκη ετικέτας
Δεν υπάρχουν, Καταχωρήστε ετικέτα πρώτοι!
|
MARC
| LEADER | 00000cam a2200000 i 4500 | ||
|---|---|---|---|
| 001 | 1/94321 | ||
| 008 | 940812s1989 gre d | ||
| 035 | |l 10009181 | ||
| 040 | |a GR-MY-UA |b gre |e aacr | ||
| 041 | 0 | |a gre | |
| 082 | 0 | |a 938.106 | |
| 100 | 1 | |a Finley, M. I. |q (Moses I.), |d 1912-1986. | |
| 245 | 1 | 0 | |a Αρχαία και σύγχρονη δημοκρατία / |c M.I. Finley ; μετάφραση: Θεόφιλος Βανδώρος ; επιμέλεια Ηλίας Π. Νικολούδης. |
| 260 | |a Αθήνα : |b Ευρύαλος, |c c1989. | ||
| 300 | |a 229 σ. | ||
| 500 | |a Πρόλογος στην ελληνική έκδοση: Γιάννης Τσιώμης. Πρόλογος στην γαλλική έκδοση: P. Vidal - Naquet | ||
| 650 | 0 | 0 | |a Democracy. |
| 700 | 1 | |a Βανδώρος, Θεόφιλος, |e trl | |
| 700 | 1 | |a Νικολούδης, Ηλίας Π., |d 1939- |e edt | |
| 852 | |a INST |b LESVOS |e 19940812 |h 938.106 FIN |p 005100003740 |q 005100003740 |t BK |y 0 | ||
| 909 | |a Λ |b 019467 | ||